00657nam a2200229 i 4500001001100000003000500011005001700016008004100033020001500074040002500089082001600114100002500130245002200155264006200177300002100239336002100260337002500281338002300306490003400329650003000363830003400393C2-0128029PPAK20180727120506.0970913s1994 my |||| ||||| | may d a9677702092 aPPAKbengcPPAKerda04a899.2332231 aJane, S.R., eauthor10aSuasana Halloween 1aKuala Lumpur : bPustaka Yakin Pelajar Sdn. Bhd. , c1994 a[n.p.] ; c25 cm 2rdacontentatext 2rdamediaaunmediated 2rdacarrieravolume1 aKisah menarik di hutan Pukaki10aChildren's stories, Malay 0aKisah menarik di hutan Pukaki